000 00802nam a2200229Ia 4500
001 18000
003 GE_BSU
008 181216s||||||||xx |||||||||||||| ||und||
040 _cGE_BSU
080 _a821.353.1 + 821.353.1-31
100 _aლისაშვილი,იაკინთე
245 _aთხზულებანი:ოთხ ტომად. ტ.4. კეცხოველი
245 _bთხზულებანი:რომანი
245 _cრედ:ილ.ხოშტარია;
260 _aთბილისი
260 _bსაბჭოთა საქართველო
260 _c1963
300 _a526გვ.21სმ.
653 _aთხზულებანი:რომანი
653 _aკეცხოველი
942 _cBK
999 _c51043
_d51043